| 000 | 00492nam a2200169Ia 4500 | ||
|---|---|---|---|
| 003 | IN-BaIIA | ||
| 008 | 211028s9999 xx 000 0 eng d | ||
| 020 | _a0-14-019191-7 | ||
| 040 | _cIIA Library | ||
| 080 |
_a159.954 _bKOE |
||
| 100 |
_aKoestler, Arthur _919032 |
||
| 245 | 4 |
_aThe act of creation _cArthur Koestler |
|
| 260 |
_aEngland _bPenguin Books _c1964 |
||
| 300 | _a751 p | ||
| 650 | _aAstronomy and Astrophysics Thesaurus | ||
| 942 | _cBK | ||
| 999 |
_c11112 _d11112 |
||